000 01327cam a2200361 a 4500
999 _c10453
_d10453
001 13857945
003 EG-ScBUE
005 20210116142744.0
008 050201s2006 enk f 000 1 eng d
020 _a1416502211
020 _a9781416502210
040 _aDLC
_beng
_erda
_cDLC
_dDLC
_dEG-ScBUE
082 0 4 _a813.54
_bCLA
_222
100 1 _aClark, Mary Higgins,
_eauthor.
245 1 0 _aNo place like home /
_cMary Higgins Clark.
264 1 _aLondon :
_bPocket Books,
_c2006.
300 _a368 pages ;
_c18 cm
336 _2rdacontent
_atext
_btxt
337 _2rdamedia
_aunmediated
_bn
338 _2rdacarrier
_avolume
_bnc
650 7 _aViolence in children
_vFiction.
_2BUEsh
650 7 _aMothers
_xDeath
_vFiction.
_2BUEsh
650 7 _aHome ownership
_vFiction.
_2BUEsh
650 7 _aMarried women
_vFiction.
_2BUEsh
650 7 _aAbused wives
_vFiction.
_2BUEsh
650 7 _aStepfathers
_vFiction.
_2BUEsh
_929937
653 _bHHUUEENN
_cJanuary2021
655 7 _aPsychological fiction.
_2lcsh
655 7 _aSuspense fiction.
_2lcsh
_vReading book
856 4 1 _uhttp://www.loc.gov/catdir/enhancements/fy0641/2005042535-s.html
942 _2ddc
_cBB